BFDIA Characters, Hosts, Teams, and Side Characters - Statistics

General Stats
  • This quiz has been taken 95 times
    36 since last reset
  • The average score is 26 of 45
Answer Stats
Hint Answer % Correct
19th Match
83%
5th Pin
83%
22nd Donut
79%
16th Firey
79%
8th Pencil
79%
20th Teardrop
79%
Still in Book
75%
4th Coiny
71%
21st Dora
71%
14th Gelatin
71%
11th Golf Ball
71%
Still in Needle
71%
17th Rocky
71%
10th Ruby
71%
Still in Tennis Ball
71%
15th Yellow Face
71%
9th Bomby
67%
6th Fries
67%
Team Fries
67%
7th Nickel
67%
Team Nickel
67%
13th Spongy
67%
Team Woah Bunch
67%
12th Ice Cube
63%
18th Puffball
63%
Team Freesmart
58%
Host/Side Leafy
54%
Team No Name
54%
Host Firey Speaker Box
50%
Side Bubble
46%
Host Flower
46%
Host Puffball Speaker Box
46%
Host TV
46%
Host Fish Monster
42%
Team Friesmart
42%
Team The Beautiful Face Devotion Institute
38%
Team The Stars
38%
Side Woody
38%
Host Bugs
33%
Team The Hearts
33%
Side Evil Leafy
25%
Host Lolers
25%
Host WTFers
25%
Team The Quasi Rhombicosidodecahedrons
21%
Team LRLD
8%
No matching quizzes found
Score Distribution
Percent of People with Each Score
Percentile by Number Answered
Your Score History
You have not taken this quiz since the last reset